[Event "Geneve FIDE GP (Women)"]
[Site "Geneve"]
[Date "2013.05.06"]
[Round "4"]
[White "Hou, Yifan"]
[Black "Cmilyte, Viktorija"]
[Result "1-0"]
[WhiteElo "2617"]
[BlackElo "2522"]
[Annotator "Mikhalchishin,A"]
[PlyCount "69"]
[EventDate "2013.05.03"]
[EventType "tourn"]
[EventRounds "11"]
[EventCountry "SUI"]
[EventCategory "11"]
[SourceTitle "CBM 155"]
[Source "ChessBase"]
[SourceDate "2013.07.16"]
[SourceVersion "1"]
[SourceVersionDate "2013.07.16"]
[SourceQuality "1"]
[WhiteClock "0:03:09"]
[BlackClock "0:01:04"]

{Hou Yifan lost in the 3rd round against the outsider from Mongolia, got a
strong reprimand from her mother, who accompanies her to most tournaments and
was ready to strike back. But she has not played so convincingly against
Viktoria in the past. We remember the fantastic win of Viktoria in the
Sicilian last year in Kazan. Viktoria uses the same approach, playing the
World Champion as I taught my pupil Betul Yildiz last year. It is simple. Hou
Yifan is a fantastic, fine technical player, and the only way to play
successfully against her is to challenge her from the start. It means to
attack as soon as possible. Hmm, but it is tremendousely difficult. You have
to show her, that you aren't afraid of her.} 1. e4 c5 2. Nf3 d6 3. Bb5+ {
Usually the former World Champion plays main lines, but sometimes she returns
to her junior weapons.} Bd7 4. Bxd7+ Qxd7 5. O-O ({A very modern way here is
to transfer to a Maroczy structure:} 5. c4 Nc6 6. d4 cxd4 7. Nxd4 g6 8. Nc3 Bg7
9. Be3) 5... Nc6 ({The Chinese champion had one interesting game here:} 5...
Nf6 6. e5 dxe5 7. Nxe5 Qc7 8. d4 cxd4 9. Bf4 Qd8 10. c3 d3 11. Qa4+ Nc6 12. Na3
Qc8 13. Rad1 e6 14. Rxd3 Be7 15. Bg5 Qc7 16. Bxf6 gxf6 17. Nxc6 Qxc6 18. Qxc6+
bxc6 19. Nc4 {Hou,Y (2158)-Fontaine,R (2539)/Shenzhen 2005; and obtained a
sweet endgame here.}) 6. Qe2 Nf6 7. Rd1 g5 $5 {Typical modern attitude -
attack on the flank in the opening. But still, I would prefer more timid
developing moves.} (7... Rc8) (7... g6) (7... e5) 8. c3 ({There are two
possible direct approaches to refute Black's counterattack immediately:} 8. e5
g4 9. Ne1 dxe5 10. c3 O-O-O 11. Na3 h5 12. d3 Nd5 13. Nc4 Bg7 14. Be3 Nf4 15.
Qc2 Qd5 16. Qa4 h4 17. Nxe5 Bxe5 18. Bxf4 f5 19. Nc2 Bxf4 20. Qxf4 Qd7 {
Pridorozhni,A (2485)-Nevostrujev,V (2510)/Tomsk 2003; with a very good
position.}) (8. d4 $2 {seems to be very risky:} g4 9. Ne5 dxe5 10. dxe5 Nd4 11.
Rxd4 cxd4 12. exf6 exf6 13. Bf4 Bg7 14. Nd2 O-O 15. Qd3 Rac8 16. Nf1 Qa4 17.
Rc1 Qxa2 18. Ng3 Qxb2 19. Nf5 Rc3 {Yandemirov,V (2380)-Amonatov,F (2590)/
Moscow 2011; and White's attack is completely stopped.}) (8. Nxg5 $2 Nd4) 8...
g4 9. Ne1 ({Another retreat seems to be much more dangerous for Black:} 9. Nh4
Qe6 10. d3 (10. Re1 d5 11. d3 dxe4 12. dxe4 O-O-O 13. Na3 Qxe4 14. Qxe4 Nxe4
15. Bf4 Nd6 16. Bxd6 Rxd6 17. Nc4 Rd7 18. Re4 h5 19. g3 e6 {Bojkovic,N (2390)
-Korbut,E (2430)/Zlatibor 2006. White has no real compensation for the pawn.})
10... O-O-O 11. Bf4 d5 12. Nd2 Nh5 13. Bg3 Nxg3 14. hxg3 h5 15. Nb3 b6 16. d4
c4 17. Nd2 Bh6 18. Nxc4 Kb8 19. a4 dxc4 20. d5 Qc8 21. dxc6 Qxc6 22. Nf5 {
Delchev,A (2629)-Morozevich,A (2762)/Porto Carras 2011; where the white knight
is very well placed.}) 9... Qe6 10. d3 h5 ({The central counterstrike} 10... d5
{is possible:} 11. Bg5 (11. Be3 d4 12. cxd4 cxd4 13. Bg5 $11) 11... O-O-O 12.
Nd2 Rg8 13. Bxf6 exf6 {'!'} 14. Nc2 f5 15. Re1 (15. Qe3 dxe4 16. dxe4 f4 $1 17.
Qe2 (17. Qxf4 $2 Bh6) 17... Ne5 18. f3 h5 19. Kh1 g3 20. Nf1 Rxd1 21. Rxd1 Be7
22. Rd5 gxh2 23. Qd2 Qf6 {Collutiis,D (2451)-Vocaturo,D (2480)/Palau 2009;
with advantage.}) 15... dxe4 16. dxe4 f4 17. Rad1 Ne5 18. f3 Qxa2 19. Ra1 Qxb2
{Fressinet,L (2675)-Edouard,R (2565)/Paris 2009. White just has chances of
some tricks here.}) ({More risky is} 10... c4 11. d4 (11. Nd2 cxd3 12. Qxd3 a6
13. Nc2 Ne5 14. Qe2 h5 15. Nd4 Qc8 16. Nf1 Bh6 17. Bxh6 Rxh6 18. Nf5 Rg6 19.
Rxd6 Qc4 20. Qxc4 Nxc4 21. Rd4 {Sarana Hungeling,O (2231)-Huppertz,A (1842)/
Germany 2008. The white pieces are much better placed.}) 11... d5 12. e5 Nd7
13. b3 Na5 14. Nd2 Nb6 15. Nc2 Bh6 16. bxc4 Nbxc4 17. Nxc4 Nxc4 18. Bxh6 Qxh6
19. Qxg4 {Brochet,P (2389)-Bernard,C (2364)/France 2008. The black king will
not be safe in the centre.}) 11. Bg5 Rg8 12. Bh4 Bh6 ({The immediate} 12...
O-O-O {was possible}) 13. Nd2 O-O-O 14. Nf1 Nd5 $5 ({A risky but interesting
knight transfer. For me a logical idea was to exchange the bishop which is
blocking Black's pawns on the kingside:} 14... Bg5 15. Bxg5 Rxg5) 15. Qc2 Nf4
16. d4 ({Black would have fantastic play after} 16. Ne3 Ng6 17. Nf5 Nxh4 18.
Nxh4 Bg5 19. Nf5 Kb8 20. Qe2 d5) 16... d5 (16... cxd4 {was very good:} 17. cxd4
d5 18. b4 Qxe4) 17. exd5 Rxd5 18. Ne3 Nh3+ $3 ({The simple retreat} 18... Rdd8
{was completely logical:} 19. dxc5 Ng6 {but Cmilyte saw a fantastic attacking
possibility.}) 19. gxh3 gxh3+ 20. Kf1 Bxe3 21. fxe3 Qg4 $2 ({Black would keep
a very strong attack after the correct} 21... Qxe3 22. Bf2 Qf4 23. Qh7 Rg6 24.
Rd3 Rf5 25. Rf3 Qxh2 26. Rxf5 Qh1+ 27. Ke2 Qe4+) ({Another way of attack was
not so convincing, but still playable:} 21... Rf5+ 22. Ke2 Rg1 23. d5 Rxd5 24.
Rxd5 Qxd5 25. Qd3 Qe6) 22. e4 $1 {The only way to refute the opponent's attack.
} Qf4+ ({Black could still create a lot of problems after} 22... Rd6 $1 23. e5
Nxe5 24. dxe5 Qg1+ 25. Ke2 Qxh2+ 26. Kf3 Qxe5 27. Qe4 h2) 23. Bf2 Rdg5 $2 ({
Here still better was} 23... Rd6) 24. Qd3 $1 f5 ({After} 24... Qxh2 {a very
strong reply was} 25. Nf3 $1) 25. Qxh3 cxd4 (25... Rg1+ {promised nothing:} 26.
Ke2 Qxe4+ 27. Qe3 R1g4 28. Qxe4 Rxe4+ 29. Kf1) 26. cxd4 Rg1+ 27. Ke2 Qxe4+ 28.
Qe3 Qg4+ 29. Nf3 Rg2 30. Rg1 $1 {After this exchange it becomes clear that
Black|s attack is over.} f4 31. Qe4 Qh3 32. Rxg2 Rxg2 33. d5 Nb8 34. Rc1+ Kd8
35. Qe5 1-0

[Event "EU-ch 18th"]
[Site "Minsk"]
[Date "2017.05.30"]
[Round "1"]
[White "Kessler, Luca"]
[Black "Grandelius, Nils"]
[Result "1-0"]
[WhiteElo "2431"]
[BlackElo "2665"]
[Annotator "Moradiabadi,E"]
[PlyCount "119"]
[EventDate "2017.05.30"]
[EventType "swiss"]
[EventRounds "11"]
[EventCountry "BLR"]
[SourceTitle "CBM 179"]
[Source "ChessBase"]
[SourceDate "2017.07.12"]
[SourceVersion "1"]
[SourceVersionDate "2017.07.12"]
[SourceQuality "1"]

1. e4 c5 2. Nf3 d6 3. Bb5+ Bd7 4. Bxd7+ Nxd7 5. O-O Ngf6 6. Re1 Rc8 7. Qe2 e6
8. b3 Be7 9. Bb2 O-O 10. d3 Nh5 11. Nbd2 Nf4 12. Qf1 Bf6 13. e5 Nxe5 14. Nxe5
Bxe5 15. Bxe5 dxe5 16. Rxe5 f6 17. Ree1 e5 18. Nc4 Qd7 19. a4 b6 20. g3 Nh3+
21. Kg2 Ng5 22. f3 Ne6 23. Qf2 Nd4 24. Rab1 Rfd8 25. c3 Ne6 26. Rbd1 Qc6 27.
Qe3 a6 28. Qe4 b5 29. axb5 axb5 30. Ne3 b4 31. cxb4 cxb4 32. Qxb4 Rd4 33. Qd2
Rcd8 34. Nf5 R4d7 35. b4 g6 36. Nh6+ Kg7 37. Ng4 Nd4 38. Qe3 Nf5 39. Qe4 Qc2+
40. Nf2 Rd4 41. Qb7+ R8d7 42. Qb5 R4d5 43. Qa6 R5d6 44. Qb5 Rc7 45. Qa5 Rdd7
46. b5 Ra7 47. Qd2 Qc5 48. Rb1 Rdb7 49. Ne4 Qb6 50. Rb2 Ra3 51. Qb4 Rxd3 52.
Qc5 Nd4 53. f4 $2 (53. Ra1 {should maintain the balance or may even give White
some edge but the Austrian IM felt that it was time for him to do something.})
53... Qa5 $4 {A strange blunder.} ({After} 53... exf4 54. Qxb6 (54. gxf4 $2 Qe6
{and suddenly White's king is exposed to all kinds of threats and the game
will soon be over.}) 54... Rxb6 55. gxf4 Rxb5 {and Black is at least a pawn up
with good practical chances. But Caissa had other plans for Swedish GM.}) 54.
fxe5 $1 {Now it is Black's king which is unsafe and under attack.} Ne6 {
Loses with ease.} (54... Qxe1 55. exf6+ Kf7 56. Ng5+ Kxf6 57. Qf8+ Ke5 (57...
Kxg5 58. Qf4+ Kh5 59. Qh4#) 58. Qe8+ {and White wins the queen!}) (54... f5 {
was much more stubborn.}) 55. exf6+ Kh6 (55... Kf7 56. Ng5+ Nxg5 57. Re7+ {
and mate will follow in 3 moves!}) 56. Qc1+ g5 57. Nxg5 $1 {The most accurate.}
Nxg5 58. Re5 {It is all over!} Rg7 59. fxg7 Qa8+ 60. Qc6+ 1-0

[Event "FRA-chT poule haute"]
[Site "France"]
[Date "2003.05.08"]
[Round "9.4"]
[White "Marzolo, Cyril"]
[Black "Conquest, Stuart"]
[Result "1/2-1/2"]
[WhiteElo "2480"]
[BlackElo "2539"]
[Annotator "Mueller,Karsten"]
[PlyCount "111"]
[EventDate "2003.05.07"]
[EventType "team"]
[EventRounds "4"]
[EventCountry "FRA"]
[SourceTitle "CBM 095"]
[Source "ChessBase"]
[SourceDate "2003.07.25"]
[SourceVersion "1"]
[SourceVersionDate "2003.07.25"]
[SourceQuality "1"]
[WhiteTeam "Mulhouse"]
[BlackTeam "Clichy"]
[WhiteTeamCountry "FRA"]
[BlackTeamCountry "FRA"]

1. e4 c5 2. Nf3 d6 3. Bb5+ Bd7 4. Bxd7+ Nxd7 5. O-O Ngf6 6. Qe2 e6 7. b3 Be7 8.
Bb2 O-O 9. d4 cxd4 10. Nxd4 Qa5 11. c4 Qh5 12. Qxh5 Nxh5 13. Nc3 Rfd8 14. Rad1
Nhf6 15. Rfe1 a6 16. g3 Bf8 17. Kg2 Rab8 18. f4 g6 19. Re2 Rbc8 20. Kf3 Bg7 21.
Red2 Bf8 22. Nde2 Rc7 23. Na4 b5 24. cxb5 axb5 25. Nac3 Rb8 26. b4 e5 27. a3
Rc4 28. Rxd6 Bxd6 29. Rxd6 h5 30. Nd5 Nxd5 31. exd5 Rc2 32. Bxe5 Nxe5+ 33. fxe5
Ra8 34. Nd4 Rxa3+ 35. Ke4 Ra4 36. e6 Rc1 37. e7 Re1+ 38. Kd3 Rxe7 39. Nxb5 Rxb4
40. Rd8+ Kg7 41. d6 Rb7 42. Nc7 Rb8 43. Rxb8 Rxb8 44. Kd4 f5 $2 (44... Kf8 45.
Kc5 Rb2 $19 {is much easier. ist viel einfacher.}) 45. Kc5 Kf6 46. Nd5+ Ke6 47.
Nf4+ Kf7 48. Kc6 $6 (48. d7 $5 g5 $17 (48... Ke7 $2 49. Kc6 g5 50. Nxh5 (50.
Kc7 $2 gxf4 51. Kxb8 Kxd7 52. gxf4 Kc6 $19) (50. Nd5+ $2 Kd8 51. Nc7 g4 52.
Ne6+ Ke7 53. d8=Q+ Rxd8 54. Nxd8 Kxd8 55. Kd5 f4 56. gxf4 h4 57. Ke4 h3 58. Ke3
g3 $19) 50... Rb2 51. Ng7 Rc2+ 52. Kd5 Rxh2 53. Nxf5+ $11)) 48... Rc8+ $2 (
48... g5 $142 $1 $17) 49. Kd5 Rc2 50. h4 Rc3 51. d7 Ke7 52. Nxg6+ Kxd7 53. Ke5
Rxg3 (53... Rc5+ 54. Kf6 $11) (53... Ke8 54. Kf6 Rxg3 55. Nf4 $11) 54. Kxf5 Ra3
55. Nf4 Ra5+ 56. Kg6 1/2-1/2

[Event "RUS-chT 11th"]
[Site "Sochi"]
[Date "2004.04.22"]
[Round "3.6"]
[White "Yandemirov, Valeri"]
[Black "Najer, Evgeniy"]
[Result "0-1"]
[WhiteElo "2494"]
[BlackElo "2606"]
[Annotator "Mueller,Karsten"]
[PlyCount "146"]
[EventDate "2004.04.20"]
[EventType "team-tourn"]
[EventRounds "9"]
[EventCountry "RUS"]
[SourceTitle "EXT 2020"]
[Source "ChessBase"]
[SourceDate "2019.10.17"]
[SourceVersion "1"]
[SourceVersionDate "2019.10.17"]
[SourceQuality "1"]
[WhiteTeam "Kazan Ladya"]
[BlackTeam "Norilsk Norilsky Nikel"]
[WhiteTeamCountry "RUS"]
[BlackTeamCountry "RUS"]

1. e4 c5 2. Nf3 d6 3. Bb5+ Bd7 4. Bxd7+ Qxd7 5. c4 Nf6 6. Nc3 g6 7. O-O Bg7 8.
d4 cxd4 9. Nxd4 O-O 10. f3 Rc8 11. b3 d5 12. exd5 Nxd5 13. Nxd5 e6 14. Bh6 exd5
15. Bxg7 Kxg7 16. cxd5 Qxd5 17. Ne2 Qe5 18. Qd4 Nc6 19. Qxe5+ Nxe5 20. Rac1 b6
21. Rfd1 Rxc1 22. Rxc1 Rd8 23. Nc3 Rd2 24. Re1 Nd3 25. Re2 Rxe2 26. Nxe2 {
Theme: active king.  Thema: Aktiver König} Kf6 $1 $17 {it is astonishing how
great Black's advantage already is. After all, knight endings are (almost) the
same as pawn endings.  es ist erstaunlich, wie groß der schwarze Vorteil
bereits ist. Springerendspiele sind eben (fast) wie Bauernendspiele.} 27. Nc3
$6 Ke5 28. Kf1 a6 29. Ke2 Nf4+ 30. Kd2 ({After Auf} 30. Kf2 {comes folgt} f5 $1
{intending mit der Idee} 31. g3 $2 Kd4 $19) 30... Nxg2 31. Na4 Nh4 32. Ke2 b5
33. Nc5 a5 34. a4 Kd5 35. Nb7 Kc6 36. Nd8+ (36. Nxa5+ $2 Kb6 37. b4 bxa4 $19)
36... Kc5 37. Nxf7 bxa4 38. bxa4 Kb4 39. Ne5 Kxa4 40. Kd3 Kb3 41. Nc4 a4 42.
Na5+ Kb4 43. Nc6+ Kc5 44. Ne5 Kd5 45. Nc4 Nxf3 46. Nb6+ Ke5 47. Ke3 Nxh2 48.
Nxa4 Kf5 49. Nc3 Kg4 50. Nd5 Kh4 51. Kf2 Ng4+ 52. Kg2 Ne5 53. Nf6 h6 54. Nd5 g5
55. Nf6 g4 56. Ne4 Nd3 57. Kh2 Ne1 58. Ng3 Kg5 59. Ne4+ Kf4 60. Ng3 Nf3+ 61.
Kg2 Nh4+ 62. Kf2 Nf5 63. Ne2+ Kg5 64. Nc3 Nd6 65. Kg2 h5 66. Ne2 h4 67. Ng1 Nf5
68. Ne2 h3+ 69. Kh2 Kh4 70. Nf4 g3+ 71. Kg1 Nd4 72. Ng6+ Kg5 73. Ne5 Kf5 0-1

[Event "St Petersburg-ch 77th"]
[Site "St Petersburg"]
[Date "2004.04.01"]
[Round "1"]
[White "Matlakov, Maxim"]
[Black "Loginov, Valery A"]
[Result "1/2-1/2"]
[WhiteElo "2346"]
[BlackElo "2516"]
[Annotator "Mueller,Karsten"]
[PlyCount "145"]
[EventDate "2004.04.01"]
[EventType "tourn"]
[EventRounds "11"]
[EventCountry "RUS"]
[EventCategory "10"]
[SourceTitle "CBM 101"]
[Source "ChessBase"]
[SourceDate "2004.07.27"]
[SourceVersion "1"]
[SourceVersionDate "2004.07.27"]
[SourceQuality "1"]

1. e4 c5 2. Nf3 d6 3. Bb5+ Bd7 4. Bxd7+ Qxd7 5. c4 Nc6 6. d4 cxd4 7. Nxd4 g6 8.
Be3 Bg7 9. Nc3 Nf6 10. f3 O-O 11. O-O Rfc8 12. b3 a6 13. Nd5 Nxd5 14. exd5 Nxd4
15. Bxd4 Bxd4+ 16. Qxd4 b5 17. Rfc1 Qa7 18. Qxa7 Rxa7 19. Rc3 bxc4 20. Rac1 Rb7
21. Kf2 Rc5 22. bxc4 Ra5 23. R1c2 Kf8 24. Ke2 Rb1 25. Rb3 Rxa2 26. Rxa2 Rxb3
27. Rxa6 Rb2+ 28. Kf1 Rc2 29. Ra8+ Kg7 30. Rc8 g5 31. Rc7 Kf6 32. Kg1 h5 33. g3
h4 34. gxh4 gxh4 35. h3 Rd2 36. Rc8 Kf5 37. Rc7 Kf4 38. Rxe7 f5 39. Re6 Rc2 40.
Rxd6 Rxc4 41. Rc6 Rd4 42. Kf2 Rd2+ 43. Ke1 Rxd5 44. Ke2 Ra5 45. Rb6 Ra2+ 46.
Kf1 Kg3 47. Rg6+ Kxf3 48. Kg1 f4 49. Rg4 Ke3 50. Rg8 Re2 51. Ra8 Kf3 52. Rg8
Re1+ 53. Kh2 Re7 54. Kg1 Re4 55. Rg4 Re1+ 56. Kh2 Ke3 57. Rg8 {An instructive
and exciting ending now follows:  Es folgt ein lehrreiches und spannendes
Finale:} f3 $2 (57... Rd1 58. Ra8 Rd2+ 59. Kg1 Rd3 60. Kh2 f3 61. Re8+ Kf2 62.
Ra8 Ke1 63. Re8+ Kf1 64. Re4 f2 65. Re8 Rd2 66. Re7 Re2 67. Ra7 Re3 68. Ra1+
Ke2 69. Ra2+ Kf3 70. Ra1 Re1 $19) {[%tqu "En","What did White conjure up
here?","","","g8f8","",7,"De","Was zauberte Weiß aus dem Hut?","","","g8f8","",
7]} 58. Rf8 $1 Re2+ (58... f2 $6 59. Rxf2 Kxf2 {stalemate. patt.}) (58... Kf2
$6 59. Rxf3+ Kxf3 {stalemate. With so many stalemating possibilities around,
it comes as no surprise that Black loses his nerve at some point.}) 59. Kg1 Rd2
(59... Rg2+ 60. Kf1 Rg5 61. Re8+ Kf4 62. Kf2 Rg2+ 63. Kf1 Kg3 (63... Ra2 64.
Rg8 Rh2 65. Rf8+ Kg3 66. Rg8+ Kxh3 67. Rg7 $11) 64. Rg8+ Kh2 65. Rf8 Rg3 66.
Kf2 $11) (59... f2+ 60. Kg2 $11) 60. Rf7 $2 {[%mdl 4096]} (60. Re8+ {would
have held the draw, because the black king cannot find a good hiding place.
hätte remis gehalten, weil der schwarze König kein gutes Versteck findet:} Kf4
61. Rf8+ Kg3 62. Rg8+ Kxh3 {normallly the ending rook +h and f pawns is won
against a bare rook, if the defending king is cut off on the starting rank,
But this is an exception. normalerweise ist das Endspiel Turm+h und f Bauer
gegen Turm gewonnen, wenn der verteidigende König auf der Grundreihe
abgeschnitten ist. Doch dies ist eine Ausnahme:} 63. Kf1 (63. Rg7 $4 Rg2+ 64.
Kh1 (64. Rxg2 fxg2 65. Kf2 Kh2 $19) 64... Rg4 65. Ra7 Kg3 66. Kg1 h3 67. Ra2
Rg5 68. Rb2 Re5 69. Rg2+ Kf4 70. Ra2 (70. Rg8 Rg5+ $19) 70... h2+ 71. Kh1 (71.
Rxh2 Re1+ 72. Kf2 Re2+ 73. Kg1 Kg3 $19) 71... Re1+ 72. Kxh2 Re2+ $19) 63... Kh2
(63... Rg2 64. Rxg2 fxg2+ 65. Kg1 $11) 64. Rf8 $8 Kg3 65. Rg8+ $8 Kh2 66. Rf8
$8 Rd3 67. Kf2 $11) 60... Rd1+ 61. Kh2 Rd3 62. Kg1 Ke2 63. Rf8 Re3 64. Rf7 Re8
65. Rf6 Rg8+ 66. Kh2 Kf2 67. Rf7 Rg2+ 68. Kh1 Rg3 69. Kh2 Ke2 $6 (69... Kf1 70.
Rf4 f2 71. Rxh4 (71. Re4 Rd3 72. Re8 Rd2 73. Re4 Re2 74. Ra4 Re3 $19) 71...
Rg2+ 72. Kh1 Rg1+ 73. Kh2 Ke2 $19) 70. Re7+ $6 (70. Ra7 Rg2+ 71. Kh1 Kf2 72.
Rf7 Rg8 73. Kh2 Re8 74. Ra7 Kf1 75. Ra1+ Re1 $19) 70... Kf1 71. Rf7 (71. Re4 f2
72. Rxh4 Rg2+ 73. Kh1 Rg1+ 74. Kh2 Ke2 $19) 71... Rg2+ 72. Kh1 Kf2 $4 {this
careless move gives away the fruits of the long hard labour. dieser sorglose
Zug vergibt die Früchte der langen, harten Arbeit} (72... Rg1+ 73. Kh2 Rg3 74.
Rf8 f2 75. Re8 Rd3 76. Re4 Rd2 77. Re8 Re2 78. Ra8 Re3 79. Ra1+ Ke2 80. Ra2+
Kf3 81. Ra1 Re1 82. Ra3+ Ke4 $19) 73. Rxf3+ (73. Rxf3+ Kxf3 {stalemate. patt})
1/2-1/2